Meranie spätnej väzby študentov pomocou dotazníkov

Vysokoškolské vzdelanie ako kolegiálny proces, v ktorom majú spoluzodpovednosť za výsledok učitelia aj študenti. Meranie spätnej väzby študentov pomocou dotazníkov. Sledovanie zdokonaľovania vyučovania i organizácie štúdia.

Saved in:
Bibliographic Details
Main Author: Hrvoľová, Božena
Other Authors: Polednáková, Anna, 1957-
Format: Book Chapter
Language:Slovak
Subjects:
Tags: Add Tag
No Tags, Be the first to tag this record!

MARC

LEADER 00000naa$a2200000$$$4500
001 0067377
005 20240502083201.1
041 0 |a slo 
044 |a CZ 
245 1 0 |a Meranie spätnej väzby študentov pomocou dotazníkov  |c Božena Hrvoľová, Anna Polednáková 
520 |a Vysokoškolské vzdelanie ako kolegiálny proces, v ktorom majú spoluzodpovednosť za výsledok učitelia aj študenti. Meranie spätnej väzby študentov pomocou dotazníkov. Sledovanie zdokonaľovania vyučovania i organizácie štúdia. 
610 2 0 |a väzba spätná 
610 2 0 |a dotazníky 
610 2 0 |a školy vysoké 
610 2 0 |a študenti 
610 2 0 |a učitelia 
100 1 |a Hrvoľová, Božena 
700 1 |a Polednáková, Anna, 1957-